PHPMyAdmin. Efektivní správa MySQL /

Uloženo v:
Podrobná bibliografie
Hlavní autor: Delisle, Marc
Další autoři: Pokorný, J.
Médium: Kniha
Jazyk:čeština
Vydáno: Brno : Zoner Press, 2004
Vydání:1. vyd.
Edice:Encyklopedie webdesignera
Témata:
ISBN:8086815099
On-line přístup: Získat plný text
Tagy: Přidat tag
Žádné tagy, Buďte první, kdo vytvoří štítek k tomuto záznamu!

MARC

LEADER 00000nam a2200000 4500
003 SK-BrCVT
005 20220617214922.0
008 050201s2004 xr e ||||||cze d
020 |a 8086815099 
035 |a CVTIDW0975183 
040 |b slo  |a CVTI SR 
041 0 |a cze 
044 |a xr 
080 |a 004.65  |2 UDC-MRF 
080 |a 004.514  |2 UDC-MRF 
080 |a 004.4  |2 UDC-MRF 
100 1 |a Delisle, Marc 
245 1 0 |a PHPMyAdmin. Efektivní správa MySQL /  |c Marc Delisle ; Z Angl. Orig. Přel. J. Pokorný 
250 |a 1. vyd. 
260 |a Brno :  |b Zoner Press,  |c 2004 
300 |a 264 s. :  |b fotogr., obr., tab. ; 
490 0 |a Encyklopedie webdesignera 
653 1 |a miestny server  |a editovanie dát  |a databáza  |a grafické rozhranie 
700 1 |a Pokorný, J. 
760 1 |t Encyklopedie webdesignera 
910 |b A592874  |b A592875 
919 |a 80-86815-09-9 
974 |f Knihy 
992 |a APP 
999 |c 141051  |d 141051